000 00255nam a2200109Ia 4500
008 190216s9999||||xx |||||||||||||| ||und||
100 _aBright J S
245 0 _aTop Up To Data Essays
260 _bKumar Publications
650 _aReferences
942 _cREF
999 _c35617
_d35617